00379nam a22001577a 4500003000500000005001700005008004100022020001800063040000600081082001900087100001700106245005200123250000800175260002800183300001000211CEME20210628205614.0210308b xxu||||| |||| 00| 0 eng d a0-333-62022-4 c. a510.2462 STR'E aStroud, K. A aEngineering mathematics programmes and problems a4TH aLONDONbMACMILLANc1995 a1032P